Normal view MARC view

Entry Personal Name

Number of records used in: 1

001 - CONTROL NUMBER

  • control field: 14003

003 - CONTROL NUMBER IDENTIFIER

  • control field: OSt

005 - DATE AND TIME OF LATEST TRANSACTION

  • control field: 20230105145737.0

008 - FIXED-LENGTH DATA ELEMENTS

  • fixed length control field: 230105|| aca||aabn | a|a d

040 ## - CATALOGING SOURCE

  • Original cataloging agency: OSt
  • Transcribing agency: OSt

100 ## - HEADING--PERSONAL NAME

  • Personal name: Knox, Robert,
  • Dates associated with a name: 1640?-1720
  • General subdivision: Travel
  • Geographic subdivision: Sri Lanka

670 ## - SOURCE DATA FOUND

  • Source citation: Work cat.: (OSt)0: Knox, Robert, 1640?-1720. 14002, An historical relation of the island Ceylon : Vol II /, 1989.

Library - 09407999929
Admin Office - 09407999979
Dean Office - 09250910768
Registrar Office - 09892297154
Email - [email protected]
Shan State Buddhist University, Phaya Phyu Taunggyi, Shan State, Myanmar.